| 000 | 007880000a22002170004500 | ||
|---|---|---|---|
| 090 |
_aAS _bSeriadas |
||
| 245 | 1 | 0 |
_aNuevos registros e inventarios de avifauna de la Serranía de Las Quinchas _sun área importante para la conservación de las aves (AICA) en Colombia |
| 650 | 1 | 4 |
_aEspecies amenazadas _9157 |
| 650 | 1 | 4 |
_aAvifauna _992441 |
| 650 | 1 | 4 |
_aConservación de biodiversidad _9345 |
| 651 | 4 |
_dBoyaca _lSerrania de Las Quinchas _992749 |
|
| 651 | 4 |
_lMagdalena Medio _992749 |
|
| 651 | 4 |
_dSantander _lSerrania de Las Quinchas _992749 |
|
| 041 | 0 | _aEspañol | |
| 044 | _aColombia | ||
| 700 | 1 |
_aMúnera, Claudia _94663 |
|
| 700 | 1 |
_aStyles, F. Gary _p247-265 _v27 _f2005 _9100368 |
|
| 100 | 1 |
_aLaverde, Oscar _94669 |
|
| 942 | _cARTICULO | ||
| 773 | 1 |
_tCaldasia _h2 _qp. 247-265 _d2005 _g27 |
|
| 999 |
_c16209 _d16209 |
||